Langkawi-from Mahsuri to Mahathir: tourism for whom? / (Record no. 114)

000 -LEADER
fixed length control field nam a22 a 4500
003 - CONTROL NUMBER IDENTIFIER
control field AKMAL
005 - DATE AND TIME OF LATEST TRANSACTION
control field 20170418150535.0
008 - FIXED-LENGTH DATA ELEMENTS--GENERAL INFORMATION
fixed length control field 170418s1989 my 00 eng d
020 ## - INTERNATIONAL STANDARD BOOK NUMBER
Terms of availability Rgt.5.00 (pbk.)
040 ## - CATALOGING SOURCE
Original cataloging agency AKMAL
082 04 - DEWEY DECIMAL CLASSIFICATION NUMBER
Classification number 910.1 BIR
090 00 - LOCALLY ASSIGNED LC-TYPE CALL NUMBER (OCLC); LOCAL CALL NUMBER (RLIN)
Classification number (OCLC) (R) ; Classification number, CALL (RLIN) (NR) 910.1
Local cutter number (OCLC) ; Book number/undivided call number, CALL (RLIN) BIR
100 1# - MAIN ENTRY--PERSONAL NAME
Personal name Bird, Bella
9 (RLIN) 284
245 10 - TITLE STATEMENT
Title Langkawi-from Mahsuri to Mahathir: tourism for whom? /
Statement of responsibility, etc. [Bella (D.M.) Bird]
260 ## - PUBLICATION, DISTRIBUTION, ETC.
Place of publication, distribution, etc. Kuala Lumpur :
Name of publisher, distributor, etc. INSAN, the Institute of Social Analysis,
Date of publication, distribution, etc. 1
300 00 - PHYSICAL DESCRIPTION
Extent 69p. :
Other physical details ill., map ;
Dimensions 22cm
504 ## - BIBLIOGRAPHY, ETC. NOTE
Bibliography, etc. note Bibliography: p.68-69
521 ## - TARGET AUDIENCE NOTE
Target audience note Intended audience: Adult
650 #0 - SUBJECT ADDED ENTRY--TOPICAL TERM
Topical term or geographic name entry element Tourism
Geographic subdivision Kedah
-- Pulau Langkawi
9 (RLIN) 285
650 #0 - SUBJECT ADDED ENTRY--TOPICAL TERM
Topical term or geographic name entry element Island (Kedah)
9 (RLIN) 286
942 ## - ADDED ENTRY ELEMENTS (KOHA)
Source of classification or shelving scheme
Koha item type Book
Holdings
Withdrawn status Lost status Source of classification or shelving scheme Damaged status Not for loan Collection code Home library Current library Shelving location Date acquired Inventory number Total Checkouts Full call number Barcode Date last seen Price effective from Koha item type
          NON-FICTION AKMAL Melaka AKMAL Melaka PINJAMAN 18.04.2017 900184   910.1 BIR 201700196 18.04.2017 18.04.2017 Book
Pusat Sumber Maklumat Dato' Haji Sarmin Md Hussin, Akademi Kastam Diraja Malaysia, Melaka
Tel: 06-2331106 | Faks: 06-2313787